000 00911nam a2200241 a 4500
001 000019213
005 20200929165943.0
008 100528s1997 mx ac r 000 d spa d
020 _a9686773428
020 _a9701807863
040 _aDO-SdBNP
_bspa
_cBNHPU
082 _a842.44
_bK81r
100 1 _aKoltés, bernard-Marie,
_d1949-1989
_941338
245 1 0 _aRoberto Zucco y devuelta al desierto /
_cBernard-Marie Koltés ; traducción Fabienne Bradú ; introducción Carlos Bonfil.
260 _aMéxico D. F. :
_bEdiciones El Milagro :
_bConsejo Nacional para la Cultura y las Artes,
_c1997.
300 _a191 p. :
_bil., retrs. ;
_c21 cm.
500 _aIncluye referencia biográfica del autor en la solapa
650 4 _aTeatro francés
_ySIGLO XX
_941339
650 4 _aLiteratura francesa
_ySIGLO XX
_94232
700 1 _aBradú, Fabienne,
_etr.
_941340
700 1 _aBonfil, Carlos,
_910587
049 _aBNGR
999 _c18731
_d18731